| 000 | 00494nam a2200157 i 4500 | ||
|---|---|---|---|
| 001 | 23369 | ||
| 003 | ES-MaACL | ||
| 005 | 20230906152847.0 | ||
| 007 | t| | ||
| 008 | 021210s1947 ag ||||1| spa d | ||
| 100 | 1 |
_aAlvarez de Estrada, Juan. _920757 |
|
| 245 | 1 | 0 |
_aEspaña democrática _b: (ensayo histórico-social y político) / _cJuan Aldés (seud). |
| 260 |
_a[Buenos Aires] : _bLibrería Perlado, _c1947 ( _fLucania) |
||
| 300 |
_a215 p. ; _c20 cm. |
||
| 852 |
_aES-MaACL _jC-5142 _bR.25837 |
||
| 999 |
_c23369 _d23369 |
||